1980's film by quote - Statistics

General Stats
  • This quiz has been taken 49 times
  • The average score is 20 of 30
Answer Stats
Hint Answer % Correct
Phone home E.T the Extra-Terrestrial
95%
But the most important rule, the rule you can never forget, no matter how much he cries, no matter how much he begs, never feed him after midnight. Gremlins
95%
I'll be back Terminator, The
95%
Who you gonna call? Ghostbusters
91%
Say hello to my little friend! Scarface
88%
Here's Johnny! The Shining
88%
Roads? Where we're going, we don't need roads. Back to the Future
86%
Wax on, wax off. Karate Kid
86%
Nobody puts Baby in a corner Dirty Dancing
81%
I came here tonight because when you realize you want to spend the rest of your life with somebody, you want the rest of your life to start as soon as possible. When Harry Met Sally
81%
Yippee-Ki-Yay Die Hard
77%
My name is Inigo Montoya. You killed my father. Prepare to die Princess Bride, The
77%
And party on, dudes! Bill & Ted's Excellent Adventure
74%
We're on a mission from God Blues Brothers, The
72%
Life moves pretty fast. If you don't stop and look around once in a while, you could miss it. Ferris Bueller's Day Off
72%
Carpe diem! Seize the day! Dead Poets Society
70%
Hey, you guyyyyyys! Goonies, The
67%
Do or do not, there is no try. Star wars: Episode V - The Empire Strikes Back
65%
Six bucks and my right nut says we're not landing in Chicago. Planes, Trains & Automobiles
63%
Good evening, ladies and gentlemen. Let me introduce myself. My name is Rupert Pupkin. I was born in Clifton, New Jersey... which was not at that time a federal offense. Is there anyone here from Clifton? Oh, good. We can all relax now. King of Comedy, The
58%
We're all pretty bizarre. Some of us are just better at hiding it, that's all. Breakfast Club, The
56%
I know just as much about the supernatural as I do about interior design Beetlejuice
49%
I don't know. Maybe it was Utah. Raising Arizona
49%
These go to eleven... This is Spinal Tap
47%
All those moments will be lost in time, like tears in rain. Blade Runner
40%
1: Is it true, Mr. Johnston, that many people out there have had their heads cut off?
2: It is true, Your Majesty. Many heads have been chopped off. It does stop them thinking.
The Last Emperor
37%
You remind me of the babe (what babe?)
Babe with the power (what power?)
Power of voodoo (who do?)
You do (do what?)
Labyrinth
30%
It's the same old story. Boy finds girl, boy loses girl, girl finds boy, boy forgets girl, boy remembers girl, girls dies in a tragic blimp accident over the Orange Bowl on New Year's Day. Naked Gun, The
30%
Forgive your assassin! I confess, I killed you... Amadeus
28%
Information Transit got the wrong man. I got the *right* man. The wrong one was delivered to me as the right man, I accepted him on good faith as the right man. Was I wrong? Brazil
21%
No matching quizzes found
Score Distribution
Percent of People with Each Score
Percentile by Number Answered
Your Score History
You have not taken this quiz